000 00777cad a2200169 4500
001 WS125654
008 040329n 000 0 eng u
035 _a(Sirsi) u125654
041 _aeng
110 _aAustralian Institute of Project Management
_94698
245 _aAustralian Institute of Project Management
520 _aWeb site for this organisation representing project managers in Australia. Including details of how to gain the certificate to become a registered project manager, a register of members, details of their national competency standards, pages on their awards and discussion forum.
651 _aAUSTRALIA
690 _aProject management
_96261
856 4 0 _uhttps://www.aipm.com.au
_zView the document free of charge at www.aipm.com.au
942 _n0
999 _c120434
_d120434